Beyond 2000: Books Slot Machine Quiz Stats

 Plays Quiz Updated Dec 23, 2019

Support Sporcle.
Go Orange.
Score 0/45 Timer 05:00
1 Play Today
Title Word Book % Correct
LifeLife of Pi
98.3%
OfLife of Pi
98.3%
PiLife of Pi
98.3%
FiftyFifty Shades Darker
97.7%
ShadesFifty Shades Darker
97.7%
DarkerFifty Shades Darker
97.7%
EatEat, Pray, Love
94.5%
PrayEat, Pray, Love
94.5%
LoveEat, Pray, Love
94.5%
ThirteenThirteen Reasons Why
94.5%
ReasonsThirteen Reasons Why
94.5%
WhyThirteen Reasons Why
94.5%
MyMy Sister's Keeper
93.8%
Sister'sMy Sister's Keeper
93.8%
KeeperMy Sister's Keeper
93.8%
TheThe Kite Runner
93.6%
RunnerThe Kite Runner
93.6%
KiteThe Kite Runner
93.6%
RunningRunning with Scissors
91.5%
WithRunning with Scissors
91.5%
ScissorsRunning with Scissors
91.5%
WaterWater for Elephants
90.9%
ForWater for Elephants
90.9%
Title Word Book % Correct
ElephantsWater for Elephants
90.9%
UnderUnder the Dome
90.6%
TheUnder the Dome
90.6%
DomeUnder the Dome
90.6%
PlayerReady Player One
88.7%
ReadyReady Player One
88.7%
OneReady Player One
88.7%
YouMe Before You
85.2%
BeforeMe Before You
85.2%
MeMe Before You
85.2%
EverythingEverything Is Illuminated
83.4%
IsEverything Is Illuminated
83.4%
IlluminatedEverything Is Illuminated
83.4%
AmericanAmerican Born Chinese
83.2%
BornAmerican Born Chinese
83.2%
ChineseAmerican Born Chinese
83.2%
OryxOryx and Crake
79.2%
AndOryx and Crake
79.2%
CrakeOryx and Crake
79.2%
BlackBlack Swan Green
78.4%
SwanBlack Swan Green
78.4%
GreenBlack Swan Green
78.4%

You're not logged in!

Compare scores with friends on all Sporcle quizzes.
OR
Log In

From the Vault

Harry Potter and the Classification Match

by MovieGuru

We're going to go out on a limb and say that Harry is a wizard.
Remove Ads.
Support Sporcle.
Get the best of Sporcle when you Go Orange. This ad-free experience offers more features, more stats, and more fun while also helping to support Sporcle. Thank you for becoming a member.

Show Comments

Extras

Top Quizzes Today


Score Distribution

Your Account Isn't Verified!

In order to create a playlist on Sporcle, you need to verify the email address you used during registration. Go to your Sporcle Settings to finish the process.

Report this User

Report this user for behavior that violates our Community Guidelines.

Details: